| 000 | 00980nam a22002537a 4500 | ||
|---|---|---|---|
| 005 | 20170124103132.0 | ||
| 010 | _aA-611990 | ||
| 020 | _c70.00 | ||
| 035 | _aA-611990 | ||
| 037 | _bCen Lib/Ret | ||
| 040 |
_aDPL _bHN |
||
| 082 |
_a824 _bलौढ़ाक |
||
| 100 |
_aलौढ़ा, कल्याणमल _984596 |
||
| 245 |
_aवग्मिता / _cकल्याणमल लौढ़ा |
||
| 246 |
_aVagmita / _bby Kalyanmal Laudha |
||
| 260 |
_aकलकत्ता _bप्रतिध्वनि _c1993 |
||
| 270 |
_a31, सर हरिराम गोयनका स्ट्रीट _bकलकत्ता _e700007 |
||
| 300 |
_a108पृ. _c21सेमी (सजिल्द) _b |
||
| 650 |
_aसाहित्य--निबंध _984597 |
||
| 650 |
_aहिन्दी निबंध _9779 |
||
| 650 |
_aLiterature--Essay _978374 |
||
| 650 |
_aHindi essays _984598 |
||
| 942 |
_2ddc _cHN _h824 _mलौढ़ाक |
||
| 999 |
_c119373 _d119373 |
||